[Event "NRW-Liga I 9899"]
[Site "GER"]
[Date "1998.12.03"]
[Round "3"]
[White "Souleidis, Georgios"]
[Black "Haub, Thorsten Michael"]
[Result "1-0"]
[WhiteElo "2345"]
[BlackElo "2410"]

1.e4 g6 2.d4 Bg7 3.Nc3 d6 4.Be3 a6 5.Qd2 Nd7 6.a4 b6 7.Nf3 h6 8.Be2 e6 9.O-O Ne7
10.d5 e5 11.Ne1 g5 12.g3 Nf6 13.f3 Ng6 14.Nd3 Nh7 15.Na2 a5 16.b4 h5 17.bxa5 bxa5
18.c4 h4 19.g4 Nf4 20.Nc3 O-O 21.Rab1 Bd7 22.Rfc1 c5 23.Nb5 Bc8 24.Bf1 Nf6
25.Rc2 Qd7 26.h3 Re8 27.Nc1 Bf8 28.Nb3 Qd8 29.Qe1 Bd7 30.Bd2 Bxb5 31.cxb5 Nd7
32.Nxa5 c4 33.Nc6 Qf6 34.a5 Nc5 35.Rxc4 Bg7 36.b6 Nxh3+ 37.Bxh3 Qxf3 38.Qe3  1-0

[Event "NRW-Liga II 9899"]
[Site "GER"]
[Date "1998.12.03"]
[Round "3"]
[White "Schiffer, Kai Uwe"]
[Black "Carlier, Bruno"]
[Result "1/2-1/2"]
[WhiteElo "2325"]
[BlackElo "2390"]

1.e4 g6 2.d4 Bg7 3.Nc3 d6 4.Be3 c6 5.Qd2 Nf6 6.Nf3 Qa5 7.h3 O-O 8.Bd3 e5
9.O-O Nbd7 10.dxe5 dxe5 11.Rfb1 Qc7 12.a4 Re8 13.a5 Nf8 14.Bc4 Rd8 15.Qe2 h6
16.Rd1 Rxd1+ 17.Rxd1 Qxa5 18.Qd2 Be6 19.Bxe6 Nxe6 20.Bxh6 Rd8 21.Nd5 Qa2
22.Nxf6+ Bxf6 23.Qc1 Rxd1+ 24.Qxd1 Nc5 25.Be3 Nxe4 26.Qd3 Qd5 27.Bxa7 Bg7
28.Bb8 f6 29.Kf1 Qxd3+ 30.cxd3 Nc5 31.Ke2 Na4 32.b3 Nc5 33.Nd2 Kf7 34.f4 Ke6
35.fxe5 fxe5 36.Ba7 Kd5 37.g4 Bh6 38.h4 Bf4 39.h5 gxh5 40.gxh5 Ne6 41.Be3 Nd4+
42.Bxd4 Kxd4 43.Ne4 b5 44.Nd6 Kc3 45.Nf7 Kxb3 46.h6 Bxh6 47.Nxh6 Kc3 48.Nf7 Kd4
49.Nd6 Kd5 50.Ne4 c5 51.Nd2 c4  1/2-1/2

[Event "BEL-chT9899"]
[Site "Antwerp"]
[Date "1998.12.06"]
[Round "4"]
[White "Ahn, Martin"]
[Black "Schalkx, Johnny"]
[Result "0-1"]
[WhiteElo "2305"]
[BlackElo "2295"]

1.e4 g6 2.d4 Bg7 3.Nc3 d6 4.Nge2 Nc6 5.d5 Ne5 6.f4 Nd7 7.Nd4 c6 8.Be3 cxd5
9.Nxd5 Ngf6 10.Nxf6+ Nxf6 11.Bd3 O-O 12.h3 e5 13.Nb5 exf4 14.Bxf4 d5 15.Nc7 Nh5
16.Qf3 dxe4 17.Bxe4 Qh4+ 18.g3 Qe7 19.O-O-O Nxf4 20.Nxa8 Ne6 21.Rhe1 Bd7
22.Bxb7 Rb8 23.c3 Ba4 24.Bd5 Bh6+ 25.Kb1 Bxd1 26.Qxd1 Qg5 27.Bxe6 fxe6 28.Nc7 Qxg3
29.Nxe6 Qxc3 30.Re2 Qxh3 31.a3 Qf3 32.Nd4 Qf7 33.Nc6 Rf8 34.Re7 Qc4 35.Rc7 Qe4+
36.Ka2 Bf4 37.Ne7+ Kh8 38.Rxa7 Qe6+ 39.Qb3 Qxb3+ 40.Kxb3 g5 41.a4 g4 42.Rd7 g3
43.Rd1 Be3 44.Nd5 Bf2 45.Nc3 Re8 46.Nd5 g2 47.Nf6 Rf8  0-1

[Event "BEL-chT9899"]
[Site "Antwerp"]
[Date "1998.12.06"]
[Round "4"]
[White "Penson, Thierry"]
[Black "Deleyn, Gunter"]
[Result "1-0"]
[WhiteElo "2275"]
[BlackElo "2220"]

1.e4 g6 2.d4 Bg7 3.Nc3 d6 4.Bc4 c6 5.a4 Nf6 6.Bb3 O-O 7.Nf3 Qc7 8.Bf4 Nh5
9.Bg5 h6 10.Be3 e5 11.Qd2 Kh7 12.Rd1 Na6 13.h3 f5 14.exf5 gxf5 15.Qe2 Nf6
16.dxe5 dxe5 17.Qc4 Qe7 18.Qh4 f4 19.Bc1 Bf5 20.O-O Rad8 21.Rfe1 Qc7 22.Re2 Nd7
23.Ng5+ Kh8 24.g4 fxg3 25.Nf7+ Rxf7 26.Bxf7 Rf8 27.Bb3 Kh7 28.fxg3 Ndc5 29.Bc4 Nb4
30.Be3 Qa5 31.Rd6 Bg6 32.Qe7 Re8 33.Qh4 Rf8 34.Qg4 Be8 35.Ne4 Nxe4 36.Qxe4+ Kh8
37.Qh4 h5 38.Qg5 Bf7 39.Rh6+ Kg8 40.Rg6  1-0

[Event "BL9899 (Women)"]
[Site "Germany"]
[Date "1998.12.06"]
[Round "6.3"]
[White "Barthel, Bergit"]
[Black "Richtrova, Eliska"]
[Result "1-0"]
[WhiteElo "2100"]
[BlackElo "2285"]

1.e4 d6 2.d4 g6 3.Nc3 Bg7 4.Nf3 c6 5.Be3 b5 6.a3 a6 7.Be2 Nf6 8.e5 dxe5 9.Nxe5 Be6
10.Qd2 O-O 11.O-O-O a5 12.Bh6 b4 13.Bxg7 Kxg7 14.Nb1 Bd5 15.h4 h5 16.Rhg1 Nbd7
17.a4 c5 18.g4 Nxg4 19.Bxg4 hxg4 20.Nxg4 Rh8 21.dxc5 Bc6 22.Qd4+ f6 23.Ne3 Ne5
24.Nf5+ Kf7 25.Qe3 Qc7 26.Qb3+ Kf8 27.Nd4 Bd7 28.f4 Ng4 29.Qf3 Rc8 30.Rxg4 Qxc5
31.Rg2 Rxh4 32.Qf2 Rh3 33.Nf3 Qc7 34.Nd4 Kf7 35.Qd2 Bxa4 36.Re2 e5 37.fxe5 fxe5
38.Rf1+ Kg8 39.Qg5 exd4 40.Qxg6+ Qg7 41.Qe6+ Kh7 42.Qxh3+  1-0

[Event "Skopje op"]
[Site "Skopje"]
[Date "1998.12.12"]
[Round "1"]
[White "Janevski, Igne"]
[Black "Bogdanovski, Vlatko"]
[Result "1-0"]
[WhiteElo "2155"]
[BlackElo "2515"]

1.e4 d6 2.d4 g6 3.Nc3 Bg7 4.Nf3 c6 5.Be3 Nd7 6.Be2 b5 7.h3 Bb7 8.O-O Qc7
9.Qd2 Ngf6 10.Bd3 O-O 11.a3 e5 12.Rfe1 a6 13.Bh6 exd4 14.Nxd4 c5 15.Nf3 Rfe8
16.Bxg7 Kxg7 17.Rad1 Rad8 18.Bxb5 axb5 19.Nxb5 Qc6 20.Nxd6 Rf8 21.Nxb7 Qxb7
22.Qc3 Kg8 23.e5 Nh5 24.Qe3 Rfe8 25.b3 Ng7 26.Ng5 f6 27.Ne4 fxe5 28.Qc3 Qc6
29.Rd6 Qc7 30.Red1 Nh5 31.g4 Ndf6 32.Qc4+ Kg7 33.gxh5 Rxd6 34.Nxd6 Rd8 35.h6+ Kxh6
36.Nf7+ Qxf7 37.Rxd8 Qe7 38.Rd3 Nh5 39.Re3 Qg5+ 40.Kf1 Nf4 41.Qe4 Qh5 42.Ke1 g5
43.Kd2 Qh4 44.Qxe5 Qxf2+ 45.Kc1 Kh5 46.Qe4 h6 47.Qf3+ Qxf3 48.Rxf3 Kh4 49.a4 Nxh3
50.a5 g4 51.Rf1 Ng5 52.a6 Ne6 53.a7 Nc7 54.Rf7  1-0

[Event "BL2-W9899"]
[Site "Germany"]
[Date "1998.12.13"]
[Round "3.7"]
[White "Schirbel, Andreas"]
[Black "Oswald, Hans Joachim"]
[Result "1-0"]
[WhiteElo "2310"]
[BlackElo "2305"]

1.d4 g6 2.e4 Bg7 3.Nc3 d6 4.Nf3 Nf6 5.Be2 O-O 6.O-O c6 7.e5 dxe5 8.Nxe5 Nbd7
9.Bf4 Nxe5 10.Bxe5 Be6 11.Qd2 Qd7 12.Rad1 Rfd8 13.Rfe1 Qe8 14.Qe3 Qf8 15.h3 Rd7
16.Rd2 Rad8 17.Red1 Bh6 18.f4 Rc8 19.g4 Nd5 20.Nxd5 cxd5 21.g5 Bg7 22.Bg4 Bf5
23.Bxf5 gxf5 24.Bxg7 Qxg7 25.h4 Rc6 26.h5 Kf8 27.Rg2 Ke8 28.h6 Qh8 29.Qd3 e6
30.b3 Rdc7 31.c4 Rd7 32.c5 Kd8 33.b4 Kc8 34.b5 Rcc7 35.Rc2 Kb8 36.Rb1 f6
37.b6 axb6 38.cxb6 Rxc2 39.Qxc2 fxg5 40.Qa4 Rd8 41.Rc1  1-0

[Event "BL2-N9899"]
[Site "Germany"]
[Date "1998.12.13"]
[Round "3.5"]
[White "Schilow, Wladimir"]
[Black "Hoerstmann, Martin"]
[Result "0-1"]
[WhiteElo "2335"]
[BlackElo "2295"]

1.e4 g6 2.d4 d6 3.Nc3 Bg7 4.Be3 a6 5.Qd2 Nd7 6.a4 b6 7.Nf3 Bb7 8.Bd3 Ngf6
9.Bh6 Bxh6 10.Qxh6 c5 11.O-O cxd4 12.Nxd4 Qc7 13.Rfe1 Qc5 14.Nb3 Qxf2+ 15.Kh1 Ng4
16.Qg5 Nde5 17.Rf1 Qe3 18.Qh4 g5 19.Qh5 Nf2+ 20.Rxf2 Qxf2 21.Qxg5 O-O-O 22.Qh5 Rdg8
23.Qh3+ Kb8 24.Rg1 Bc8  0-1

[Event "ROM-ch"]
[Site "Bucuresti"]
[Date "1998.12.14"]
[Round "7"]
[White "Vajda, Levente"]
[Black "Nevednichy, Vladislav"]
[Result "1/2-1/2"]
[WhiteElo "2480"]
[BlackElo "2545"]

1.e4 g6 2.d4 Bg7 3.Nc3 d6 4.Nf3 Nf6 5.Be2 O-O 6.O-O Nc6 7.d5 Nb8 8.h3 c6
9.Bg5 Nbd7 10.Re1 a5 11.Nd4 cxd5 12.exd5 Nb6 13.Ndb5 Bd7 14.a4 Rc8 15.Ra3 h6
16.Be3 Nc4 17.Bxc4 Rxc4 18.b3 Rh4 19.Ne2 Re4 20.Ng3 Re5 21.c4 e6 22.dxe6 Rxe6
23.Nxd6 Bc6 24.Nb5 Rxe3 25.fxe3 Nd7 26.Nd4 Qe7 27.Ra2 Nc5 28.Nxc6 bxc6 29.Qf3 Rb8
30.Qxc6 Nd3 31.Rae2 Nxe1 32.Rxe1 Rxb3 33.Qe4 Kh7 34.Kh1 f5  1/2-1/2

[Event "Gudmundur Arason op 4th"]
[Site "Hafnarfjordur"]
[Date "1998.12.15"]
[Round "2"]
[White "Hardarson, Robert"]
[Black "Akesson, Ralf"]
[Result "0-1"]
[WhiteElo "2325"]
[BlackElo "2510"]

1.e4 g6 2.d4 Bg7 3.Nc3 d6 4.f4 a6 5.Nf3 b5 6.Bd3 Nd7 7.a4 b4 8.Ne2 c5 9.O-O cxd4
10.Nexd4 Ngf6 11.Qe1 e5 12.fxe5 dxe5 13.Nb3 a5 14.Kh1 O-O 15.Qh4 Nh5 16.Bg5 Qc7
17.g4 Nf4 18.Bh6 Bxh6 19.Qxh6 f6 20.Nfd4 Nb6 21.Nb5 Qd7 22.Rxf4 exf4 23.Qxf4 Qxg4
24.Qe3 Nd7 25.Bc4+ Kh8 26.Bd5 Ra6 27.Rf1 Qh5 28.Nc5 Nxc5 29.Qxc5 Qh6 30.Nc7 Bh3
31.Rf3 Rc8 32.Kg1 Qc1+ 33.Kf2 Qd2+ 34.Kg3 Qg2+  0-1

[Event "Gudmundur Arason op 4th"]
[Site "Hafnarfjordur"]
[Date "1998.12.16"]
[Round "3"]
[White "Jensson, Einar Hjalti"]
[Black "Blees, Albert"]
[Result "0-1"]
[WhiteElo "2185"]
[BlackElo "2430"]

1.e4 g6 2.d4 Bg7 3.Nc3 d6 4.Be3 a6 5.Be2 b5 6.a3 Nd7 7.h4 h6 8.g4 Ngf6 9.f4 Nb6
10.Bf2 h5 11.g5 Ng4 12.Qd3 c6 13.Nf3 a5 14.O-O O-O 15.Bg3 Nc4 16.Nd1 Ba6
17.b4 Bc8 18.Nf2 Nge3 19.Rfc1 Qb6 20.c3 d5 21.Ne5 dxe4 22.Nxe4 Bf5 23.Bf3 Ra7
24.Bf2 Nd5 25.Nxc4 bxc4 26.Qxc4 Nxf4 27.Bg3 Ne6 28.Ra2 axb4 29.axb4 Rxa2
30.Qxa2 Nxd4 31.cxd4 Bxe4 32.Bxe4 Qxd4+ 33.Kh2 Qxe4 34.Qc4 Qe3 35.Re1 Qd2+
36.Re2 Qd7 37.Qc5 e5 38.Bxe5 Re8 39.Re3 Bxe5+ 40.Rxe5 Qc7  0-1

[Event "Marshall CC Winter"]
[Site "New York"]
[Date "1998.12.16"]
[Round "5"]
[White "Stripunsky, Alexander"]
[Black "Shamkovich, Leonid"]
[Result "1-0"]
[WhiteElo "2520"]
[BlackElo "2380"]

1.e4 g6 2.d4 Bg7 3.Nc3 d6 4.Nf3 Bg4 5.Be2 Nc6 6.d5 Bxf3 7.Bxf3 Nd4 8.Bg4 e5
9.Nb1 h5 10.Bh3 Qh4 11.O-O Qxe4 12.Re1 Qh4 13.c3 Nf5 14.Qb3 Qd8 15.Qb5+ Kf8
16.Qxb7 Nge7 17.Qb5 Bh6 18.Nd2 Kg7 19.Qd3 Rb8 20.b3 c6 21.dxc6 Qb6 22.Bb2 Qxc6
23.c4 f6 24.Ne4 Rhd8 25.Qf3 a5 26.g3 a4 27.Bg2 Qb6 28.Rab1 axb3 29.axb3 Kf7
30.Bc3 d5 31.cxd5 Nxd5 32.Ba1 Nde7 33.Nxf6 Kxf6 34.Rxe5 Kf7 35.Rbe1 Rd7 36.Bf1 Rc8
37.Bc4+ Rxc4 38.bxc4 Bg7 39.c5 Qc7 40.c6 Bxe5 41.cxd7 Bxa1 42.Qb3+ Kg7 43.Qd3 Bd4
44.Rxe7+ Kf6 45.Rh7 Qd6 46.Qe4 Bb6 47.Kg2 Qd4 48.Qc6+ Nd6 49.Qf3+ Nf5 50.h3 Ke6
51.Qc6+ Nd6 52.d8=N+ Bxd8 53.Qd7+ Kd5 54.Qxd8 Qe4+ 55.Kh2 Qf5 56.Qa5+  1-0

[Event "ROM-ch"]
[Site "Bucuresti"]
[Date "1998.12.17"]
[Round "9"]
[White "Vajda, Levente"]
[Black "Badea, Bela"]
[Result "1/2-1/2"]
[WhiteElo "2480"]
[BlackElo "2530"]

1.e4 g6 2.d4 Bg7 3.Nc3 d6 4.Nf3 Nf6 5.Be2 O-O 6.O-O Nc6 7.d5 Nb8 8.h3 e5
9.dxe6 Bxe6 10.Bg5 h6 11.Bh4 Nc6 12.Qd2 g5 13.Bg3 d5 14.exd5 Nxd5 15.Nxd5 Qxd5
16.Bd3 Rac8  1/2-1/2

[Event "Carlos Torre op 11th"]
[Site "Merida"]
[Date "1998.12.17"]
[Round "3"]
[White "Espinosa, Rafael"]
[Black "Hickl, Joerg"]
[Result "1/2-1/2"]
[WhiteElo "2160"]
[BlackElo "2540"]

1.e4 g6 2.d4 d6 3.Nc3 Bg7 4.Be3 a6 5.h4 Nf6 6.Be2 h5 7.f3 b5 8.e5 Ng8 9.f4 Nh6
10.Bf3 Bg4 11.Qd3 Bf5 12.Qd2 c6 13.Ne4 d5 14.Ng3 Be6 15.Nh3 Bxh3 16.Rxh3 Nd7
17.f5 Nxf5 18.Nxf5 gxf5 19.Rg3 Bf8 20.Rg5 e6 21.Bxh5 c5 22.g4 cxd4 23.Qxd4 Rc8
24.gxf5 Rc4 25.Bxf7+ Kxf7 26.fxe6+ Kxe6 27.Qd3 Bb4+ 28.c3 Re4 29.O-O-O Nxe5
30.Rxe5+ Rxe5 31.cxb4 Rxh4 32.Qg6+ Kd7 33.Qf7+ Qe7 34.Rxd5+ Rxd5 35.Qxd5+ Kc7
36.Qc5+ Qxc5+ 37.Bxc5 Rh2 38.a3 Kc6 39.Kb1 a5 40.Ka2 Kd5 41.Be7 Re2 42.Bf8 Re8
43.Bc5 Kc4 44.Bd6  1/2-1/2

[Event "BEL-chT9899"]
[Site "Antwerp"]
[Date "1998.12.20"]
[Round "5"]
[White "Van Wessel, Rudy"]
[Black "Tabak, Stephan"]
[Result "0-1"]
[WhiteElo "2315"]
[BlackElo "2100"]

1.e4 d6 2.d4 g6 3.Nc3 Bg7 4.Be3 c6 5.Qd2 Nd7 6.f3 a6 7.h4 h5 8.Nh3 b5 9.a4 b4
10.Nd1 a5 11.Ng5 e6 12.Nf2 d5 13.O-O-O Ba6 14.Bxa6 Rxa6 15.Qd3 Ra7 16.Nfh3 Nb6
17.b3 Qd7 18.Nf4 Ne7 19.e5 Nf5 20.Bf2 Qe7 21.Kb1 Nd7 22.g4 hxg4 23.fxg4 Nh6
24.Nfxe6 fxe6 25.Qxg6+ Kf8 26.Nxe6+ Kg8 27.g5 Ng4 28.Nxg7 Nf8 29.Qxc6 Nxf2
30.Nf5 Qe6 31.Qc5 Nxd1 32.Rxd1 Qxf5 33.Qxa7 Qf3 34.Rd3 Qf1+ 35.Kb2 Rxh4 36.Qxa5 Rh1
37.Qxd5+ Kh8 38.Qxh1+  0-1

[Event "ROM-ch"]
[Site "Bucuresti"]
[Date "1998.12.21"]
[Round "13"]
[White "Vajda, Levente"]
[Black "Marin, Mihail"]
[Result "1-0"]
[WhiteElo "2480"]
[BlackElo "2530"]

1.e4 d6 2.d4 g6 3.Nc3 Bg7 4.Nf3 Nf6 5.Be2 O-O 6.O-O Bg4 7.Bg5 Nc6 8.d5 Nb8
9.Qd2 c6 10.Rfe1 Nbd7 11.dxc6 bxc6 12.Nd4 Rc8 13.f3 Be6 14.Nxe6 fxe6 15.Be3 Qc7
16.Kh1 Kh8 17.Bd3 Rb8 18.Rab1 Ne5 19.Ne2 Qd7 20.b4 d5 21.Bd4 Nh5 22.f4 Nxd3
23.cxd3 dxe4 24.dxe4 e5 25.fxe5 Qe6 26.Bxa7 Ra8 27.Nd4 Qd7 28.Bc5 Bxe5 29.Rbd1 Nf6
30.Qc2 Rfd8 31.Nf3 Qc7 32.a4 Bf4 33.a5 Rf8 34.g3 Bd6 35.Bb6 Qc8 36.e5 Qg4
37.exd6 Qxf3+ 38.Qg2 Qxg2+ 39.Kxg2 exd6 40.Rxd6 Nd5 41.Bc5  1-0

[Event "Carlos Torre op 11th"]
[Site "Merida"]
[Date "1998.12.21"]
[Round "8"]
[White "Espinosa, Rafael"]
[Black "Almeida Saenz, Alfonso"]
[Result "1-0"]
[WhiteElo "2160"]
[BlackElo "2405"]

1.e4 g6 2.d4 Bg7 3.Nc3 d6 4.Be2 Nf6 5.h4 h5 6.Nh3 a6 7.Ng5 Nbd7 8.e5 dxe5
9.dxe5 Nxe5 10.Qxd8+ Kxd8 11.Bf4 Nfd7 12.Bxe5 Nxe5 13.O-O-O+ Bd7 14.f4 Bh6
15.fxe5 f6 16.e6 fxg5 17.Rxd7+ Ke8 18.Nd5  1-0

[Event "Oxford GM-B"]
[Site "Oxford"]
[Date "1998.12.21"]
[Round "7"]
[White "Burnett, Ronald"]
[Black "McNab, Colin Anderson"]
[Result "1-0"]
[WhiteElo "2395"]
[BlackElo "2445"]

1.e4 g6 2.d4 d6 3.Nc3 Bg7 4.Be3 c6 5.a4 Nf6 6.h3 Nbd7 7.Nf3 Qc7 8.Qd2 O-O
9.a5 Rb8 10.Be2 b5 11.axb6 axb6 12.e5 dxe5 13.dxe5 Nd5 14.e6 fxe6 15.Bh6 Bxh6
16.Qxh6 Qf4 17.Qxf4 Nxf4 18.g3 Nxe2 19.Kxe2 b5 20.Rhd1 b4 21.Ne4 Nf6 22.Nc5 Rb5
23.Nd3 c5 24.Nfe5 Bb7 25.Ra7 Ne4 26.Rda1 Rc8 27.R1a5 Rxa5 28.Rxa5 Rc7 29.g4 Bd5
30.f3 Ng5 31.h4 Nf7 32.Nxf7 Kxf7 33.Rxc5 Rxc5 34.Nxc5 e5 35.Ke3 Kf6 36.b3 h5
37.gxh5 gxh5 38.Nd3 Kf5 39.Nxb4 Bb7 40.Nd3 Bxf3 41.Kxf3 e4+ 42.Ke3 exd3 43.cxd3  1-0

[Event "Carlos Torre op 11th"]
[Site "Merida"]
[Date "1998.12.22"]
[Round "9"]
[White "Hernandez, Gilberto"]
[Black "Hickl, Joerg"]
[Result "1/2-1/2"]
[WhiteElo "2520"]
[BlackElo "2540"]

1.e4 g6 2.d4 Bg7 3.Nc3 d6 4.Nge2 Nf6 5.g3 O-O 6.Bg2 Nc6 7.h3 e5 8.Be3 Re8
9.O-O exd4 10.Nxd4 Bd7 11.a4 a6 12.Kh2 Nb4 13.Qd2 c5 14.Nb3 Bc6 15.Rad1 Qc8
16.Qxd6 Nxc2 17.Bxc5 Nd7 18.Qd2 Nxc5 19.Nxc5 Nb4 20.Nb3  1/2-1/2

[Event "Groningen op"]
[Site "Groningen"]
[Date "1998.12.26"]
[Round "6"]
[White "Miton, Kamil"]
[Black "Urban, Klaudiusz"]
[Result "1/2-1/2"]
[WhiteElo "2415"]
[BlackElo "2485"]

1.e4 g6 2.d4 Bg7 3.Nc3 d6 4.f4 Nd7 5.Nf3 a6 6.a4 e6 7.Bd3 c5 8.dxc5 Nxc5
9.O-O Nf6 10.Qe2 O-O 11.Kh1 Qc7 12.Bd2 b6 13.a5 bxa5 14.Rae1 Rb8 15.Nd1 Bb7
16.Nf2 Bc6 17.Bc1 Nfd7 18.f5 exf5 19.exf5 Nf6 20.fxg6 hxg6 21.Nh3 Rfe8 22.Qf2 Rxe1
23.Nxe1 Re8 24.Qh4 Nxd3 25.cxd3 Qe7 26.Bg5 Qe2 27.Qf4 Re6 28.Bh4 Qxb2 29.Nf3 Nd5
30.Qg3 Ne3 31.Rg1 Nf5 32.Qg4 Ne3 33.Qf4 Qb4 34.d4  1/2-1/2

[Event "Danube op"]
[Site "Aschach"]
[Date "1998.12.27"]
[Round "2"]
[White "Konrad, Edmund"]
[Black "Hertneck, Gerald"]
[Result "0-1"]
[WhiteElo "2170"]
[BlackElo "2555"]

1.e4 g6 2.d4 d6 3.Nc3 Bg7 4.f4 c6 5.Bc4 Nd7 6.Nf3 Nb6 7.Bb3 d5 8.exd5 cxd5
9.Ne5 Nh6 10.Be3 O-O 11.Qe2 a5 12.a4 f6 13.Nf3 e6 14.O-O Bd7 15.Nd2 Bc6 16.Kh1 Qd7
17.Bg1 Nf7 18.Qg4 Nd6 19.Rfe1 Rae8 20.Re2 f5 21.Qg3 Ne4 22.Ndxe4 fxe4 23.Be3 Nc8
24.Qh4 Nd6 25.g4 b5 26.axb5 Nxb5 27.Nxb5 Bxb5 28.Rd2 a4 29.Ba2 Qd6 30.Qe1 Rxf4
31.Bxf4 Qxf4 32.c3 e3 33.Rg2 Rf8 34.Qg3 Qe4 35.Kg1 e2  0-1

[Event "Danube op"]
[Site "Aschach"]
[Date "1998.12.27"]
[Round "3"]
[White "Mahdi, Khaled"]
[Black "Schoepf, Andreas"]
[Result "1/2-1/2"]
[WhiteElo "2365"]
[BlackElo "2070"]

1.e4 d6 2.d4 g6 3.Nc3 Bg7 4.h3 Nd7 5.Nf3 c6 6.a4 Ngf6 7.g3 Qc7 8.Bg2 O-O
9.a5 e5 10.O-O Rd8 11.Be3 Nf8 12.Qc1 Be6 13.Rd1 b5 14.axb6 axb6 15.Nh2 b5
16.b4 Bc4 17.dxe5 dxe5 18.Rxd8 Rxd8 19.Ra7 Qb8 20.Qa3 Ne6 21.Qa5 Nh5 22.Na2 Nd4
23.Rb7 Qc8 24.Rc7 Qb8 25.Rb7 Qc8  1/2-1/2

[Event "Leverkusen 9899"]
[Site "Leverkusen"]
[Date "1998.12.28"]
[Round "3"]
[White "Boutko, Dimitri"]
[Black "Luboshitz, Alexander"]
[Result "0-1"]
[WhiteElo "2140"]
[BlackElo "2210"]

1.e4 g6 2.d4 Bg7 3.Nc3 d6 4.Nf3 Nf6 5.Be2 O-O 6.O-O Bg4 7.Be3 Nc6 8.h3 Bxf3
9.Bxf3 e5 10.d5 Ne7 11.Qd2 Nd7 12.Be2 f5 13.Bg5 Nf6 14.exf5 Nxf5 15.Bd3 Qd7
16.Ne4 Nxe4 17.Bxe4 Bf6 18.Bxf6 Rxf6 19.Qd3 Raf8 20.f4 exf4 21.Rxf4 Ng7 22.Rxf6 Rxf6
23.Rf1 Rxf1+ 24.Kxf1 Qe7 25.Bf3 Qg5 26.Kf2 Nf5 27.Ke2 Qf4 28.Kd1 Kg7 29.Qc3+ Qd4+
30.Qxd4+ Nxd4 31.Be4 Kf6 32.Kd2 Ke5 33.Ke3 Nf5+ 34.Kf3 Ne7 35.c4 Kd4 36.b3 Ke5
37.Ke3 a5 38.g4 Ng8 39.a3 Nf6 40.Bd3 b6 41.Bc2 b5 42.a4 bxa4 43.bxa4 Nd7
44.Bd1 Nb6 45.Bb3 g5 46.Kd3 Kf4 47.Kd4 Nd7 48.Bc2 h6 49.Bf5 Nc5 50.Bc2 Kg3
51.Ke3 Kxh3 52.Kf3 Kh4 53.Bd1 Nd3 54.Ke3 Ne5 55.Be2 Nxg4+ 56.Kd4 Ne5 57.c5 g4
58.Ke4 Kg5  0-1

[Event "Danube op"]
[Site "Aschach"]
[Date "1998.12.29"]
[Round "5"]
[White "Schirmbeck, Hannes"]
[Black "Mayer, Josef"]
[Result "1-0"]
[WhiteElo "2165"]
[BlackElo "2005"]

1.e4 g6 2.d4 Bg7 3.Nc3 d6 4.Be3 Nf6 5.h3 O-O 6.g4 c6 7.a4 a5 8.Nge2 Na6 9.Ng3 Qc7
10.Bg2 e5 11.O-O Re8 12.Qd2 Nb4 13.f4 Nd7 14.Nce2 exd4 15.Nxd4 Nc5 16.Rad1 Qe7
17.Bf2 Bd7 18.b3 Rad8 19.Rfe1 Bc8 20.Bf1 Qc7 21.c3 Nba6 22.Bg2 Ne6 23.f5 Nxd4
24.cxd4 f6 25.fxg6 hxg6 26.Rc1 Qb6 27.Bf1 Nb4 28.Ne2 d5 29.Nc3 Be6 30.Qf4 Kh7
31.h4 g5 32.Qh2 Kg6 33.Qg2 gxh4 34.exd5 Bxd5 35.Nxd5 Nxd5 36.Bd3+ Kf7 37.Bc4 Rh8
38.Qe4 Qc7 39.Bxd5+ cxd5  1-0

[Event "Eastern op"]
[Site "Washington DC"]
[Date "1998.12.29"]
[Round "8"]
[White "Negulescu, Adrian"]
[Black "Weeramantry, Sunil"]
[Result "1-0"]
[WhiteElo "2465"]
[BlackElo "2215"]

1.e4 d6 2.d4 g6 3.Nc3 Bg7 4.Nf3 Nf6 5.h3 O-O 6.Be3 c6 7.a4 Nbd7 8.Be2 e5
9.dxe5 dxe5 10.O-O Qe7 11.Qd3 Nh5 12.Qc4 Nb6 13.Qc5 Qxc5 14.Bxc5 Re8 15.a5 Nd7
16.Be3 Nf4 17.Bc4 Nf8 18.Rfd1 Be6 19.Bxe6 N4xe6 20.Rd6 a6 21.Bb6 Bf6 22.Rd3 Bd8
23.Nxe5 Bxb6 24.axb6 Nc5 25.Ng4 Nxd3 26.Nf6+ Kg7 27.Nxe8+ Rxe8 28.cxd3 Rd8
29.Na4 Rxd3 30.Nc5 Rd2 31.b3 Rd8 32.Nxb7 Rb8 33.Nc5 Rxb6 34.Rxa6 Rxa6 35.Nxa6 Ne6
36.b4 Kf6 37.Nb8 Nd4 38.f3 Ke5 39.Kf2 f5 40.Nd7+ Kd6 41.Nc5 fxe4 42.Nxe4+ Ke5
43.Nc3 Nc2 44.b5 cxb5 45.Nxb5 Nb4 46.h4 h6 47.Nc3 Nc2 48.Ne4 Nd4 49.g3 Nf5
50.Nc5 Ne7 51.Nd3+ Kd4 52.Nf4 Ke5 53.h5 g5 54.Ng2 Nd5 55.Ne3 Nf6 56.g4 Kf4
57.Ke2 Nd7 58.Nf5 Ne5 59.Nxh6 Nxf3 60.Kd3 Ke5  1-0

[Event "Rilton Cup 9899"]
[Site "Stockholm"]
[Date "1998.12.31"]
[Round "4"]
[White "Borge, Nikolaj"]
[Black "Angskog, Kent"]
[Result "0-1"]
[WhiteElo "2455"]
[BlackElo "2250"]

1.e4 g6 2.d4 Bg7 3.Nc3 d6 4.Be3 a6 5.a4 Nf6 6.h3 O-O 7.Nf3 Nc6 8.Bd3 e5 9.dxe5 Nxe5
10.Nxe5 dxe5 11.a5 Nh5 12.Qd2 Qd6 13.Ne2 Be6 14.g4 Nf6 15.Ng3 c5 16.b3 Rac8
17.Bc4 Qc6 18.f3 Rfd8 19.Qc3 Ne8 20.Kf2 Nc7 21.Rhd1 Nb5 22.Qb2 Nd4 23.c3 Nb5
24.h4 Qc7 25.Rdc1 Qe7 26.h5 Bf6 27.hxg6 hxg6 28.Rh1 Bxc4 29.bxc4 Nd6 30.Qe2 Qe6
31.Ra4 Rd7 32.Rd1 Bh4 33.Rd5 f5 34.exf5 gxf5 35.Ra1 Bxg3+ 36.Kxg3 f4+ 37.Kg2 Nxc4  0-1

[Event "AUT-chT2O 9798"]
[Site "Austria"]
[Date "1998.??.16"]
[Round "7"]
[White "Bachmayer, Josef"]
[Black "Hainzinger, Johann"]
[Result "1-0"]
[WhiteElo "2140"]
[BlackElo "2120"]

1.d4 g6 2.Nc3 Bg7 3.e4 d6 4.f4 Nd7 5.Nf3 a6 6.Bc4 e6 7.O-O b5 8.Bd3 c5 9.f5 cxd4
10.fxe6 fxe6 11.Bg5 Qb6 12.Ne2 e5 13.Qe1 Ngf6 14.Qh4 O-O 15.Nd2 d5 16.Ng3 Bb7
17.Kh1 Nc5 18.exd5 Nxd3 19.cxd3 Bxd5 20.Rf2 Nd7 21.Re2 Nc5 22.Be7 Rf4 23.Bxc5 Qxc5
24.Nge4 Qf8 25.Qh3 Re8 26.Nf3 h6 27.Qg3 g5 28.h3 Re7 29.Rc1 Bxe4 30.dxe4 Qa8
31.Nd2 Qb7 32.Qb3+ Kh7 33.Rc5 Rc7 34.Qc2 Rff7 35.b4 Rfd7 36.Rf2 Rf7 37.Rxf7 Rxf7
38.Nf3 Re7 39.Rc6 Qa7 40.h4 g4 41.Nd2 h5 42.Nf1 a5 43.Ng3 Rf7 44.Nf5 axb4
45.Qc1 Rxf5 46.exf5 Qxa2 47.Rc7 Qf2 48.Qg5 Qf1+ 49.Kh2 Qf4+ 50.Qxf4 exf4
51.f6 b3 52.Rxg7+ Kh6 53.Rg5  1-0

[Event "AUT-chT2O 9798"]
[Site "Austria"]
[Date "1998.??.17"]
[Round "8"]
[White "Tober, Gerhard"]
[Black "Sulyok, Michael"]
[Result "0-1"]
[WhiteElo "2205"]
[BlackElo "2220"]

1.e4 g6 2.d4 Bg7 3.Nc3 d6 4.g3 Nc6 5.Be3 e5 6.dxe5 Nxe5 7.f4 Bg4 8.Qd2 Bf3
9.fxe5 Bxh1 10.exd6 Qxd6 11.Qxd6 cxd6 12.Nb5 Ke7 13.O-O-O Bh6 14.Bxh6 Nxh6
15.Nxd6 Rad8 16.e5 Ng4 17.Re1 f6 18.Bc4 Rhf8 19.Bb3 fxe5 20.Nb5 a6 21.Nc7 Rd6
22.Nh3 Bc6 23.c4 Kd7 24.c5 Rdf6 25.Nd5 Bxd5 26.Bxd5 Rf1 27.Rxf1 Rxf1+ 28.Kd2 Kc7
29.Ng5 Rf2+ 30.Kc3 Rxh2 31.Ne6+ Kb8 32.Nd8 Nf6 33.Bxb7 Kc7  0-1

[Event "AUT-chT2O 9798"]
[Site "Austria"]
[Date "1998.??.18"]
[Round "9"]
[White "Schirmbeck, Hannes"]
[Black "Tkaczuk, Rainer"]
[Result "1-0"]
[WhiteElo "2150"]
[BlackElo "2245"]

1.e4 g6 2.d4 Bg7 3.Nc3 d6 4.Be3 c6 5.a4 Nf6 6.h3 Qa5 7.Bd3 Na6 8.Ne2 O-O
9.O-O Nb4 10.f4 e5 11.Qd2 Nxd3 12.cxd3 exd4 13.Nxd4 Bd7 14.f5 Rae8 15.b4 Qxb4
16.Rab1 Qa5 17.Rxb7 Qa6 18.Rbb1 d5 19.Nb3 Bc8 20.Bc5 dxe4 21.Bxf8 e3 22.Qa2 Rxf8
23.fxg6 Qxd3 24.gxf7+ Kh8 25.Rbc1 Be6 26.Qa3 Qg6 27.Ne2 Nd5 28.Rxc6 Rxf7
29.Qc1 Ne7 30.Ra6 Rf2 31.Nf4 Qg3 32.Rxe6 Qxf4 33.Rxe7 Qg5 34.Re8+ Bf8 35.Rxf8+  1-0

[Event "Aarhus Masters op"]
[Site "Aarhus"]
[Date "1998.??.??"]
[Round "4"]
[White "Lindfeldt, Jan Magnus"]
[Black "Jensen, Vagn"]
[Result "0-1"]
[WhiteElo "2230"]
[BlackElo "2240"]

1.e4 g6 2.d4 Bg7 3.Nc3 d6 4.Nf3 a6 5.a4 Bg4 6.Be3 Nc6 7.Be2 Bxf3 8.Bxf3 e5
9.dxe5 Nxe5 10.Be2 Nf6 11.f4 Nc6 12.Bf3 O-O 13.O-O Re8 14.Qd3 Qd7 15.Kh1 Nb4
16.Qd2 Qe6 17.Bg1 Qc4 18.b3 Qe6 19.Rad1 h5 20.f5 Qe7 21.fxg6 fxg6 22.e5 dxe5
23.Bxb7 Rad8 24.Qe2 c6 25.Bxa6 Nbd5 26.Ne4 Nxe4 27.Qxe4 Kh7 28.Rd3 Nf6 29.Qxc6 e4
30.Rxd8 Rxd8 31.Qc5 Qe6 32.Bc4 Qe8 33.Qg5 Rd6 34.a5 Ng4 35.a6 e3 36.a7 Rd8
37.Be2 Nf2+ 38.Bxf2 exf2 39.Qa5 Qxe2 40.h4 Qxf1+  0-1

[Event "Aarhus Masters op"]
[Site "Aarhus"]
[Date "1998.??.??"]
[Round "6"]
[White "Jensen, Vagn"]
[Black "Nielsen, Poul Erik"]
[Result "1-0"]
[WhiteElo "2240"]
[BlackElo "2230"]

1.d4 g6 2.e4 Bg7 3.Nc3 d6 4.Bg5 c6 5.Qd2 b5 6.Nf3 Bg4 7.h3 Bxf3 8.gxf3 Nd7
9.O-O-O Qa5 10.a3 Nb6 11.f4 Rb8 12.e5 d5 13.f5 gxf5 14.e6 fxe6 15.Qe3 e5
16.dxe5 b4 17.axb4 Qxb4 18.Rd4 Qxb2+ 19.Kxb2 Nc4+ 20.Kc1 Nxe3 21.Bxe3 Bxe5
22.f4 Bxd4 23.Bxd4 Nf6 24.Bd3 Rb4 25.Be5 Re4 26.Bxe4 fxe4 27.Na4 Kf7 28.Nc5 Rg8
29.Kb2 Rg3 30.Ra1 Rxh3 31.Rxa7 e3 32.Ra1 Ng4 33.Nd3 h5 34.Bd4 Rf3 35.Re1 h4
36.Ne5+ Nxe5 37.fxe5 Ke6 38.Bxe3 Kxe5 39.Bg5+ Kd4 40.Bxh4  1-0